000 00980cam a2200277 4500
001 J117076
008 020311n2002 000 0 eng u
035 _a(Sirsi) u117076
050 _a692.8
110 _aJoint Contracts Tribunal
_93664
245 _aTrade contract (TC/C) for use with the JCT client and construction manager agreement
260 _aLondon
_bRIBA
_c2002
300 _a118p.
_c30cm.
350 _a25
490 _aJCT Construction Management Documentation
490 _aJCT Standard Form of Trade Contract 2002 Edition
650 _aCM02
650 _aBUILT ENVIRONMENT-BUILDING CONTRACT FORMS
650 _aCONSTRUCTION MANAGEMENT
_96230
650 _aCONSTRUCTION MANAGEMENT DOCUMENTATION
650 _aBUILT ENVIRONMENT-BUILDING CONTRACT FORMS-STANDARD FORMS OF BUILDING CONTRACT-JOINT CONTRACTS TRIBNUAL CONTRACTS
650 _aTC/C 2002
650 _aTRADE CONTRACTS
690 _aBUILT ENVIRONMENT-BUILDING CONTRACT FORMS
942 _n0
999 _c101937
_d101937